01576nam a2200325 i 4500001001000000003000900010005001700019007000300036008004100039040003000080082001900110100004000129245009200169264004800261300002800309336002700337337003300364338002800397500002100425500004200446590002600488910000700514942001400521952012000535952012000655952010500775952011100880952024200991999001701233000026276DO-SdBNP20241107083409.0ta110308s1970 dr 000 0 spa d aDO-SdBNPbspacBNPHUerda axxxbP762M222 aPolanco Brito, Hugo E.eautor9792410aManuel María Valencia :bpolítico, poeta y sacerdote /cHugo Eduardo Polanco Brito. aSanto Domingo :bEditora del Caribe,c1970. a209 páginas ;c24 cm. ardacontentbtexto2txt ardamediabsin mediación2n ardacarrierbvolumen2nc aIncluye índice aIncluye notas al pie de las páginas aInventariado, 2024/DG aDG 2ddccLBS1 001054708DSaGRbGRcHDd2014-07-21iLF1l0o p26276-30r2020-06-25te. 3w2020-06-25yLFDSZPréstamo en sala 001054708DSaGRbGRcHDd2015-01-20iLF1l0o p26276-40r2020-06-25te. 4w2020-06-25yLFDSZPréstamo en sala 0010718PDaPDbPDcHDd2011-03-08iLF1l0o p26276-10r2020-06-25w2020-06-25yLFPDZNo se presta 0010718PDaPDbPDcHDd2011-03-08iLF1l0o p26276-20r2020-06-25te. 2w2020-06-25yLFPDZNo se presta 00102ddc56708DSaBNPHUbBNPHUcCTd2024-11-07eDonado por la Presidencia de la República Dominicana 2023l0oBNPHU DS P762Mp2024-6335r2024-11-07te.5w2024-11-07yLBS1zPertenecio a la biblioteca personal de Emilio Cordero Michel c25768d25768